00350nam a2200109Ia 450000500170000000800410001710000160005824501130007426000290018730000110021665000130022720260328104337.0260328s9999||||xx |||||||||||||| ||und|| aLand, Peter 4aThe experimental housing project (Previ) , Lima , Design and technology in a new neighborhood. /cPeter Land bUniversidad de los Andes a534 p. aVIVIENDA